000 00414 a2200133 4500
005 20250716105940.0
020 _a978-9976-78-073-4
082 _a650 NBA
111 _aTHE NATIONAL BOARD OF ACCOUNTANTS AND AUDITORS
245 _aA6 Business Economics: Foundation Level
260 _aDar es salaam
_bThe National Board of Accountants and Auditors Tanzania
300 _a172p.: ill.; figures
_c28cm
942 _2ddc
_cBKS
999 _c6735
_d6735